000 00439nam a22000977a 4500
999 _c512958
_d512958
082 _aB3x54 M294p
245 _aRole of digital technologies in governance: proceedings of the sixty - second annual conference of the members of IIPA, held on October 27, 2018 the ru
_cedited by Charu Malhotra
260 _aNew Delhi
_bIndian Institute of Public Administration
_c2019
300 _a78p.
700 _aIndian Institute of Public Administrion
_915137